| 000 | 00713nam a2200205 i 4500 | ||
|---|---|---|---|
| 001 | 190408 | ||
| 003 | ES-MaACL | ||
| 005 | 20240108152319.0 | ||
| 008 | 210311s2008 sp 000 f spa d | ||
| 020 | _a978-84-204-7423-6 | ||
| 080 | _a821.111(73)-31"19" | ||
| 100 | 1 |
_aOates, Joyce Carol. _986376 |
|
| 245 | 1 | 3 |
_aLa hija del sepulturero / _cJoyce Carol Oates ; [traducción, José Luis López Muñoz]. |
| 260 |
_a[Madrid] : _bAlfaguara, _c[2008] |
||
| 300 |
_a682 p. ; _c25 cm. |
||
| 852 |
_aES-MaACL _jA-14607 _9 197585 _bR.152031 _cDEPO1 _dOlim: N-7607 _hDonación: José Lázaro _xEncuadernación en cartoné |
||
| 903 |
_9234219 _aLázaro García, José _ednr |
||
| 942 | _2udc | ||
| 999 |
_c190408 _d190408 |
||